東京メトロの路線 ーサドンデスー - Statistics

General Stats
  • This quiz has been taken 43 times
  • The average score is 9 of 9
Answers on the Grid
Answers color-coded by a green-red scale on the quiz's grid according to % correct below.
中央線
丸ノ内線
京急線
京成線
副都心線
千代田線
半蔵門線
南北線
小田急線
山手線
日比谷線
有楽町線
東西線
総武線
西武池袋線
都営大江戸線
都営浅草線
銀座線
 
Answer Stats
Answer % Correct
丸ノ内線
100%
半蔵門線
100%
南北線
100%
日比谷線
100%
東西線
100%
副都心線
97%
千代田線
97%
有楽町線
97%
銀座線
92%
No matching quizzes found
Score Distribution
Percent of People with Each Score
Percentile by Number Answered
Your Score History
You have not taken this quiz